| 000 | 00656nam a2200229Ia 4500 | ||
|---|---|---|---|
| 008 | 210210b1985 xxu||||| |||| 00| 0 eng d | ||
| 020 | _a0 7069 3028 2 | ||
| 082 | _a923.2 PARI | ||
| 100 | _aPARTHASARATHI (G) and PRASAD (H Y Sharada). | ||
| 245 | _aIndira Gandhi: statesmen, scholars, scientists and friends remember. | ||
| 260 |
_aNew Delhi. _bIndira Gandhi Memorial trust, Vikas Publishing House (P) Ltd., _c1985 |
||
| 300 | _axvi,463 | ||
| 650 | _astatesmen, | ||
| 650 | _ascientists | ||
| 650 | _ascholars, | ||
| 650 | _aremember. | ||
| 650 | _aIndira | ||
| 650 | _aGandhi: | ||
| 650 | _afriends | ||
| 690 | _aBiography | ||
| 906 | _a037725 | ||
| 999 |
_c88087 _d88087 |
||